Exposición bibliográfica dedicada a Camoens
Colección:
San Jorge,
; núm. 3 (juliol 1951), pàg. 36
Materias:
Camões, Luís de, -- 1524?-1580 -- Bibliografia
; Camões, Luís de, -- 1524?-1580 -- Exposicions
; Biblioteca Central (Barcelona, Catalunya) -- Exposicions
Idioma:
Español
MARC
| LEADER | 00000naa a2200000 a 4500 | ||
|---|---|---|---|
| 003 | Arxiu | ||
| 005 | 20260324181024.0 | ||
| 008 | 160829s1951 spc xx s spa c 000 0 cat d | ||
| 040 | |a agdb | ||
| 245 | 0 | 0 | |a Exposición bibliográfica dedicada a Camoens |
| 490 | |a San Jorge, |v núm. 3 (juliol 1951), pàg. 36 | ||
| 600 | 1 | 0 | |9 54593 |a Camões, Luís de, |d 1524?-1580 |x Bibliografia |
| 600 | 1 | 0 | |9 54592 |a Camões, Luís de, |d 1524?-1580 |x Exposicions |
| 610 | 2 | 0 | |a Biblioteca Central (Barcelona, Catalunya) |v Exposicions |9 54534 |
| 773 | |t San Jorge. |g Núm. 3 (juliol 1951), pàg. 36 | ||
| 901 | |a Arxiu | ||
| 942 | |n 1 |2 udc |c ART | ||
| 952 | |0 0 |1 0 |4 0 |6 REV508 |7 1 |9 64693 |a Arxiu |b Arxiu |d 2022-12-12 |l 0 |o Rev-508 |r 2022-12-12 00:00:00 |w 2022-12-12 |y ARXIU | ||
| 999 | |c 43794 |d 43794 | ||